Trasferimenti più costosi - Croazia - Statistics

Statistiche generali
  • Questo quiz è stato fatto 63 volte
    27 dall'ultimo reset
  • Il punteggio medio è 11 su 15
Statistiche sulle risposte
Costo (M €) Da A Anno Calciatore % Corretto
90 RB Lipsia Manchester City 2023 Josko Gvardiol
100%
36,80 Dinamo Zagabria RB Lipsia 2021 Josko Gvardiol
100%
35 Tottenham Real Madrid 2012 Luka Modrić
100%
22,50 Dinamo Zagabria Tottenham 2008 Luka Modrić
100%
45 Real Madrid Chelsea 2019 Mateo Kovačić
96%
38 Inter Real Madrid 2015 Mateo Kovačić
96%
29,10 Chelsea Manchester City 2023 Mateo Kovačić
96%
22 Bayern Monaco Atletico Madrid 2014 Mario Mandžukić
84%
29,40 Dinamo Zagabria Juventus 2016 Marko Pjaca
80%
25,30 Southamtpon Liverpool 2014 Dejan Lovren
68%
22,50 Fiorentina Milan 2018 Nikola Kalinić
68%
30 CSKA Mosca West Ham Utd 2021 Nikola Vlašić
44%
23 Everton CSKA Mosca 2019 Nikola Vlašić
44%
25 Stade Rennes Wolfsburg 25 Lovro Majer
32%
20,50 Dinamo Zagabria Ajax 2023 Josip Sutalo
20%
Nessun quiz corrispondente trovato
Distribuzione punteggi
Percentuale di utenti per punteggio
Percentile per numero di risposta
I tuoi punteggi nel tempo
Non hai fatto questo quiz dall'ultimo reset